Gépek és berendezések 1 : az első évfolyamú mezőgazdasági szaktaniantézetek tanulói részére /

Hlavní autor: Mičkal, Karel
Jazyk: Maďarština
Vydáno: Bratislava : Príroda, 1984
Vydání: 1. kiad.
Edice: Mezőgazdák könyvtára
Fyzický popis: 258 s.
Knihy
Uloženo v:
LEADER 00810nam a2200241 a 4500
001 000456217
003 CZ BrMZK
005 20100518130753.0
007 ta
008 990305s1984 xo f hun d
040 |a BOA001  |b cze 
080 |a 62-1(075.3)=945.11  |2 MRF 
100 1 |a Mičkal, Karel  |7 jx20040618024  |4 aut 
245 1 0 |a Gépek és berendezések 1 :  |b az első évfolyamú mezőgazdasági szaktaniantézetek tanulói részére /  |c Karel Mičkal 
250 |a 1. kiad. 
260 |a Bratislava :  |b Príroda,  |c 1984 
300 |a 258 s. 
490 1 |a Mezőgazdák könyvtára 
765 0 |t Stroje a zariadenia 1  |9 Maďarsky 
830 0 |a Mezőgazdák könyvtára 
910 |a BOA001  |b 2-0878.786 
990 |a BK 
996 7 |b 2619374809  |c 2-0878.786  |l MZK  |r Sklad / do 1 hodiny  |n 0  |w 000456217  |u 000010  |a 1  |e BOA001  |j MZK50  |s A